| 000 | 00672nam a2200181 a 4500 | ||
|---|---|---|---|
| 008 | 111014s1988 ||||||||||||||||| || u | ||
| 020 | _a0683011332 | ||
| 050 | _aRC 648 Bur | ||
| 100 | _aBurch, Warner M | ||
| 245 | 1 | 0 |
_aEndocrinology for the house officer. (2nd ed.) _cby Warner M. Burch |
| 250 | _a2nd ed. | ||
| 260 |
_aBaltimore: _bWilliams and Wilkins _c1988 |
||
| 300 | _axi, 198p.: ill. | ||
| 350 | _a0.00 | ||
| 650 | _aMEDICINE | ||
| 650 | _aENDOCRINE GLANDS--DISEASES | ||
| 995 |
_aMEDICAL LIBRARY OPEN ACCESS _D0.00 _e901125 _FCBU-SCHOOL OF MEDICINE LIBRARY (Ndola) _H1 _I0.00 _jRC 648 Bur _M1 _UAVAILABLE _WOct 14, 2011 _y901125 _ZMedical Library Open Access Collection |
||
| 999 |
_c31341 _d31341 |
||